000 00767nam a2200265Ia 4500
003 OSt
005 20220912151457.0
006 a|||||r|||| 00| 0
007 ta
008 220909b |||||||| |||| 00| 0 eng d
024 _a25440
037 _cTextual
040 _aCSL
_beng
_cCSL
041 _aeng
082 _aB75:3, M3
100 _aHappel John
245 0 _aLow reynolds number hydrodynamics: with speical applications to particulars media
260 _aDordrecht
_bMartinus Nijhoff Pub
_c1983
300 _a553p.
_ccm.
490 _aMechanics of fluids and transport processes
650 _aFluid dynamcis
700 _a Brenner Howard
942 _hB75:3, M3
_cTEXL
_2CC
999 _c69395
_d69395